| 000 | 00504cam a22001217a 4500 | ||
|---|---|---|---|
| 008 | 180718b2008 xxu||||| |||| 00| 0 eng d | ||
| 082 | _aLmx5411 F/2008/R | ||
| 245 |
_aStatements relating to supplementary information on rural local bodies submitted to thirteenth Finance Commission, 2008 _cby Finance Department (SFC cell), Assam |
||
| 260 |
_aDispur _bFinance Department (SFC cell) _c2008 |
||
| 300 | _a210p. | ||
| 650 | _aMunicipal finance - India - Assam | ||
| 700 | _aAssam. Finance Department (SFC cell) | ||
| 999 |
_c481349 _d481349 |
||